LDR 01069naa#a2200181#i#450# 001 RU\\bibl\121259 005 20260501213329.5 011 ## _a1994-4683 100 ## _a20230803b2023####ek#y0rusy0150####ca 102 ## _aRU 200 1# _aПСИХОЛОГО-ПЕДАГОГИЧЕСКИЕ УСЛОВИЯ, НЕОБХОДИМЫЕ ДЛЯ НАЧАЛЬНОЙ ПОДГОТОВКИ ШАХМАТИСТОВ К СОРЕВНОВАНИЯМ С ИСПОЛЬЗОВАНИЕМ ИНДИВИДУАЛЬНЫХ ЗАДАНИЙ _eЖурнальная статья 210 1# _aМосква _cНациональный государственный Университет физической культуры, спорта и здоровья им. П.Ф. Лесгафта _d2023 215 ## _a4 с. 608 ## _aЖурнальная статья _2local 675 ## _aФилософские и научно-теоретические основы физической культуры и спорта. 796.011 _z 700 #1 _aБолотин _gА Э 700 #1 _aМартынов _gП Н 856 4# _auchzapiski.lesgaft.spb.ru _u